| 000 | 00762nam a2200241Ia 4500 | ||
|---|---|---|---|
| 008 | 191119s9999 xx 000 0 und d | ||
| 020 | _a978-971-98-0873-2 | ||
| 050 | _aFIL HF 5721 | ||
| 050 | _b.B37 2018 | ||
| 100 | _aBarrot, Jessie S. | ||
| 245 | 0 | _aBusiness correspondence with style : | |
| 245 | 2 | _ba guide to efective business English and correspondence for college students and professionals / | |
| 245 | 0 | _cJessie S. Barrot. | |
| 260 | _aPhilippines : | ||
| 260 | _bC&E Publishing, | ||
| 260 | _c2018 | ||
| 300 | _a321 pages : | ||
| 300 | _c26 cm. | ||
| 500 | _aIncludes bibliographic references and index. | ||
| 650 | _aBusiness correspondence. | ||
| 650 | _aEnglish language -- Business English. | ||
| 650 | _xBusiness communication. | ||
| 999 |
_c363088 _d363088 |
||